Buncefield major incident investigation (Record no. 105592)

MARC details
000 -LEADER
fixed length control field 01130cam a2200205 4500
001 - CONTROL NUMBER
control field ##L134197
008 - FIXED-LENGTH DATA ELEMENTS--GENERAL INFORMATION
fixed length control field 060717n2006 000 0 eng u
035 ## - SYSTEM CONTROL NUMBER
System control number (Sirsi) u134197
041 0# - LANGUAGE CODE
Language code of text/sound track or separate title eng
050 04 - LIBRARY OF CONGRESS CALL NUMBER
Classification number 693.82 $2 18
110 2# - MAIN ENTRY--CORPORATE NAME
Corporate name or jurisdiction name as entry element Buncefield Major Incident Investigation Board
9 (RLIN) 4982
245 00 - TITLE STATEMENT
Title Buncefield major incident investigation
Remainder of title initial report to the Health and Safety Commission and the Environment Agency of the investigation into the explosions and fires at the Buncefield oil storage and transfer depot, Hemel Hempstead, on 11 December 2005
260 ## - PUBLICATION, DISTRIBUTION, ETC.
Place of publication, distribution, etc. London
Name of publisher, distributor, etc. HSE
Date of publication, distribution, etc. 2006
520 ## - SUMMARY, ETC.
Summary, etc. Sets outs the sequence of events leading to the incident on 11 December 2005. Summarises the incident and subsequent investigation and raises issues of concern from the investigation to date. Annexes, glossary and further information.
590 ## - LOCAL NOTE (RLIN)
Local note IKA180706
651 #4 - SUBJECT ADDED ENTRY--GEOGRAPHIC NAME
Geographic name HEMEL HEMPSTEAD
690 ## - LOCAL SUBJECT ADDED ENTRY--TOPICAL TERM (OCLC, RLIN)
Topical term or geographic name as entry element MANAGEMENT-HEALTH AND SAFETY-FIRE SAFETY
856 40 - ELECTRONIC LOCATION AND ACCESS
Uniform Resource Identifier <a href="https://www.buncefieldinvestigation.gov.uk/reports/index.htm">https://www.buncefieldinvestigation.gov.uk/reports/index.htm</a>
Public note View the initial report free of charge at www.buncefieldinvestigation.gov.uk...
942 ## - ADDED ENTRY ELEMENTS (KOHA)
Suppress in OPAC 0
Holdings
Withdrawn status Lost status Source of classification or shelving scheme Damaged status Not for loan Home library Current library Shelving location Date acquired Total Checkouts Full call number Barcode Date last seen Copy number Price effective from Koha item type
    Dewey Decimal Classification     Virtual Virtual Online 17/07/2006   ONLINE PUBLICATION 134197-2001 06/08/2019 1 06/08/2019 Book